00412nam a2200157 a 450000100060000000300090000600800410001502000150005604000280007108200130009910000250011224500500013726000300018730000100021765000270022712449CO-ViMGA141112s2004 ck r 000 u spa d a8480130512 aCO-ViMGAbspacCO-ViMGA04a796 M17m1 aMartin, Andres Oscar10aManual práctico de organización deportiva aMadrid : bGymnos, c1996 a258p.14aORGANIZACION DEPORTIVA